The kinetics of the immune response to natural trichophytosis in arctic foxes

Bibliographic Details
Main Authors: Kostro, K. (Author), Gliński, Zdz (Author)
Format: Article
Language:Slovak
English
Subjects:

MARC

LEADER 00000nab a2200000 a 4500
001 vtls000747175
003 SK-MaSNL
005 20260304104020.0
008 250429c2000 xo 0 slo
015 |a SNBRB2001/02-05789 
035 |a CLN000099005 
035 |a urn:nbn:sk:snk-ab9m36 
035 |a (urnnbn)urn:nbn:sk:snk:ar-a08jux 
035 |a (uuid)fb914249-38b6-4c01-9acb-cff989d378d5 
040 |a SNKBUCL  |b slo  |c SNKBUCL  |e AACR2 
041 0 |a eng 
044 |a xo  |c SK 
080 |a 619:612.017:616.5-002.838  |2 1997 
080 |a 619:616.5-002.828  |2 1997 
080 |a 612.017-019  |2 1997 
080 |a 639.113.09  |2 1997 
100 1 |a Kostro, K.  |4 aut  |9 1403379 
245 1 4 |a The kinetics of the immune response to natural trichophytosis in arctic foxes  |c K. Kostro, Zdz. Gliński 
300 |b Obr., tab. 
504 |a Res. angl. 
504 |a Bibliogr. odkazy 
650 0 7 |a líška polárna  |2 snkbucl  |9 75077 
650 0 7 |a trichofytóza  |2 snkbucl  |9 1312235 
650 0 7 |a imunita  |2 snkbucl  |9 14285 
650 0 7 |a Trichophyton mentagrophytes  |2 snkbucl  |9 1403380 
655 7 |a články z novín a časopisov  |2 snkbucl  |9 267496 
700 1 |a Gliński, Zdz.  |4 aut  |9 1403381 
773 0 |t Folia veterinaria  |g Roč. 44, č. 2 (2000), s. 106-111  |x 0015-5748 
850 |a Slovenská národná knižnica 
852 |a Slovenská národná knižnica 
958 |a article13 
958 |a OND 
958 |a NB 
958 |a EUIPO 
992 |a RBX 
999 |c 2850421  |d 2852351